Biodiversity, ecosystem functioning, and human wellbeing: an ecological and economic perspective

Gespeichert in:
Bibliographische Detailangaben
Weitere Verfasser: Naeem, Shahid (HerausgeberIn), Bunker, Daniel E. (HerausgeberIn), Hector, Andy (HerausgeberIn), Loreau, Michel (HerausgeberIn), Perrings, Charles (HerausgeberIn)
Format: Buch
Sprache:Englisch
Veröffentlicht: Nueva York Oxford University Press 2009
Ausgabe:1a. ed
Schriftenreihe:Oxford Biology
Schlagworte:
Tags: Tag hinzufügen
Keine Tags, Fügen Sie den ersten Tag hinzu!

MARC

LEADER 00000cam a2200000 a 4500
001 UCE6702
003 CL-VaPUC
005 20220630115855.0
008 150430e20090000us |||||||||||||||||eng|d
999 |c 358926  |d 358924 
020 |a 9780199547951 
020 |a 978019954768 
040 |c Pontificia Universidad Católica de Valparaíso 
082 0 4 |a 333.95  |b NAE  |2 21 
100 |a Naeem, Shahid  |e editor  |9 579305 
245 1 0 |a Biodiversity, ecosystem functioning, and human wellbeing: an ecological and economic perspective 
250 |a 1a. ed 
260 |a Nueva York  |b Oxford University Press  |c 2009 
300 |a 368 p 
490 0 |a Oxford Biology 
583 |a last modification  |c 20150430 00:23:00  |k Rodrigo Vera 
650 0 |a Biodiversidad   |9 385995 
650 0 |a Ecosistemas  |9 261477 
650 0 |a Ecología humana   |9 263207 
700 0 |a Bunker, Daniel E.  |e editor  |9 871866 
700 0 |a Hector, Andy  |e editor  |9 871867 
700 0 |a Loreau, Michel  |e editor  |9 871868 
700 0 |a Perrings, Charles  |e editor  |9 871869 
942 |c BK  |2 ddc 
945 |d 20150430 00:23:00  |a arojas 
952 |0 0  |1 0  |3 erd  |4 0  |6 333_950000000000000_NAE_2009  |7 0  |8 A  |9 467892  |a BIBAGR  |b BIBAGR  |i 5147239  |o 333.95 NAE 2009  |p 5147239  |r 2025-01-20  |w 2019-11-23  |y BK  |z Catalogado en:20150430  |k AGR